Industry 4.0: Managing The Digital Transformation
Na minha lista:
| Outros Autores: | , |
|---|---|
| Formato: | Livro |
| Idioma: | inglês |
| Publicado em: |
Cham
Springer
2018
|
| Colecção: | Springer Series in Advanced Manufacturing
|
| Assuntos: | |
| Tags: |
Sem tags, seja o primeiro a adicionar uma tag!
|
MARC
| LEADER | 00000nam a2200000 4500 | ||
|---|---|---|---|
| 001 | 0254555 | ||
| 005 | 20240221111336.6 | ||
| 020 | |a 978-3-319-57869-9 | ||
| 020 | |a 978-3-319-57870-5 | ||
| 022 | |a 1860-5168 | ||
| 022 | |a (electronic) | ||
| 041 | 0 | |a eng | |
| 044 | |a CH | ||
| 245 | 1 | 0 | |a Industry 4.0: Managing The Digital Transformation |c Alp Ustundag, Emre Cevikcan (eds.) |
| 264 | 1 | |a Cham |b Springer |c 2018 | |
| 300 | |a 286 s. | ||
| 490 | 1 | |a Springer Series in Advanced Manufacturing | |
| 830 | 0 | |a Springer Series in Advanced Manufacturing | |
| 610 | 2 | 0 | |a priemysel 4.0 |
| 610 | 2 | 0 | |a revolúcia priemyselná |
| 610 | 2 | 0 | |a digitalizácia |
| 610 | 2 | 0 | |a produkcia |
| 610 | 2 | 0 | |a služby |
| 610 | 2 | 0 | |a technológie nové |
| 610 | 2 | 0 | |a inteligencia umelá |
| 610 | 2 | 0 | |a roboty |
| 610 | 2 | 0 | |a modely podniku |
| 610 | 2 | 0 | |a konkurencieschopnosť |
| 610 | 2 | 0 | |a vzdelávanie |
| 610 | 2 | 0 | |a manažéri |
| 700 | 1 | |a Ustundag, Alp | |
| 700 | 1 | |a Cevikcan, Emre | |